[Event "Manhattan March Int"]
[Site "New York"]
[Date "1999.03.06"]
[Round "2"]
[White "Timoshenko, Georgy"]
[Black "Burnett, Ronald"]
[Result "1-0"]
[WhiteElo "2592"]
[BlackElo "2420"]

1.e4 g6 2.d4 Bg7 3.Nc3 d6 4.Be3 c6 5.Qd2 b5 6.Bd3 Nd7 7.f4 Ngf6 8.Nf3 Bb7
9.e5 b4 10.Ne4 Nd5 11.Bf2 Qc7 12.O-O c5 13.c4 bxc3 14.bxc3 O-O 15.Rab1 Rab8
16.Bg3 f5 17.Neg5 cxd4 18.cxd4 Qc3 19.Qe2 dxe5 20.fxe5 N7b6 21.Ne6 Bh6 22.Nxf8 Rxf8
23.Kh1 Rc8 24.Rb3 Qc6 25.e6 Be3 26.Bxf5 gxf5 27.Rxe3 Ba6 28.Qxa6 Nxe3 29.Re1 Nbd5
30.Qxa7 Qxe6 31.Be5 Qg6 32.Rg1 Qc6 33.Qa5 Qc3 34.Qb5 Qc6 35.Qb1 Qc3 36.h3 Qb4
37.Qd3 Qc4 38.Qd2 Qb4 39.Qf2 Qb6 40.Nh4 Qe6 41.Qg3+ Kf7 42.Qg7+ Ke8 43.Qxh7 Kd7
44.Nf3 Rc2 45.a4 Qa6 46.Qg8 Qxa4 47.Bh2 Rc8 48.Ne5+ Kc7 49.Rc1+  1-0

[Event "Bucharest TIT"]
[Site "Bucharest"]
[Date "1999.03.14"]
[Round "14"]
[White "Kutnik, Alexandru"]
[Black "Tikhomirov, Sergei"]
[Result "1-0"]
[WhiteElo "2193"]
[BlackElo "2417"]

1.d4 g6 2.e4 Bg7 3.Nc3 d6 4.Be3 c6 5.Qd2 b5 6.Bd3 Bb7 7.Nf3 a6 8.Ne2 Nd7
9.c3 e5 10.h4 h5 11.Ng5 Qe7 12.f3 Nh6 13.O-O-O c5 14.d5 Nf8 15.a4 c4 16.Bc2 f6
17.Nh3 Qc7 18.Qe1 Nd7 19.Qf2 Ng8 20.g4 Ne7 21.Kd2 Nc5 22.axb5 axb5 23.Ra1 Rd8
24.Rag1 hxg4 25.Rxg4 Ra8 26.Nc1 Bc8 27.Rg2 Na4 28.Bxa4 Rxa4 29.Ng1 Bd7 30.Nge2 Kf7
31.f4 Be8 32.Qg1 b4 33.h5 Kf8 34.fxe5 f5 35.exd6 bxc3+ 36.Nxc3 Qxd6 37.Bd4 Qf4+
38.Kc2 Rb4 39.Bxg7+ Kxg7 40.Qd4+ Kg8 41.d6 Nc6 42.Qd5+ Kg7 43.d7 Bf7 44.Qxc6 Rhb8
45.Rxg6+ Kh7 46.Nd1 Rxb2+ 47.Nxb2 Qf2+ 48.Kd1 Qf3+ 49.Ne2 Qxh1+ 50.Rg1 Qxe4
51.Qxe4 fxe4 52.Kc2 Rd8 53.Rd1 Be6 54.Nf4 Bg4 55.Rg1 Bxd7 56.Rd1 c3 57.Kxc3 Rc8+
58.Kd4 Bg4 59.Rg1 Bf3 60.Nc4 Rg8 61.Ra1 Rg4 62.Ke5 Rh4 63.Ra4 Kh6 64.Nd6  1-0

[Event "NRW-Liga II 9899"]
[Site "GER"]
[Date "1999.03.16"]
[Round "7"]
[White "Kurr, Gerd"]
[Black "Wilczek, Ralph"]
[Result "1-0"]
[WhiteElo "2250"]
[BlackElo "2090"]

1.d4 g6 2.e4 Bg7 3.Nc3 d6 4.Bc4 e6 5.Nf3 Ne7 6.Bg5 h6 7.Be3 a6 8.Qd2 Nd7
9.a4 b6 10.O-O Bb7 11.Rfe1 Kf8 12.Rad1 Kg8 13.Qe2 Kh7 14.h4 Rg8 15.Bd3 Nf8
16.h5 gxh5 17.e5+ Neg6 18.Ne4 Bxe4 19.Bxe4 d5 20.Bd3 a5 21.g3 f5 22.exf6 Bxf6
23.Kg2 Kg7 24.Qd2 Qd6 25.Bxh6+ Kf7 26.Rh1 h4 27.Rh3 c5 28.c3 cxd4 29.cxd4 Rc8
30.Rc1 Rxc1 31.Qxc1 Nd7 32.Bxg6+ Rxg6 33.Bf4 Qe7 34.Qc7 hxg3 35.fxg3 Rg7
36.Rh6 Rg6 37.Bd6 Qe8 38.Rh7+ Rg7 39.Rxg7+ Kxg7 40.Be5 Qe7 41.Bxf6+ Kxf6
42.g4 Qe8 43.b3 Qe7 44.Kg3 Qe8 45.g5+ Kf5 46.Qc2+  1-0

[Event "Spring Festival 15th"]
[Site "Budapest"]
[Date "1999.03.17"]
[Round "1"]
[White "Dlauchy, Peter"]
[Black "Belotelov, Dimitri"]
[Result "0-1"]
[WhiteElo "2055"]
[BlackElo "2262"]

1.e4 g6 2.d4 Bg7 3.Nc3 d6 4.Be3 a6 5.a4 Nf6 6.h3 O-O 7.Nf3 b6 8.Bd3 Bb7 9.O-O Nbd7
10.Qd2 c5 11.d5 Ne8 12.Bh6 Ne5 13.Nxe5 dxe5 14.Bxg7 Kxg7 15.f4 Qc7 16.f5 Nd6
17.Qf2 f6 18.h4 c4 19.Be2 gxf5 20.exf5 Rac8 21.Bf3 Qc5 22.Qxc5 Rxc5 23.g4 h5
24.Kh2 hxg4 25.Rg1 Rh8 26.Rxg4+ Kf8 27.Rag1 Nxf5 28.Be4 Nd6 29.Bg6 Bc8 30.R4g3 Rxh4+
31.Kg2 Bb7 32.Kf2 Bxd5 33.Nxd5 Rxd5  0-1

[Event "Spring Festival 15th"]
[Site "Budapest"]
[Date "1999.03.18"]
[Round "2"]
[White "Meiser, Markus"]
[Black "Fliszar, Dezso"]
[Result "1-0"]
[WhiteElo "2245"]
[BlackElo "2013"]

1.d4 g6 2.e4 d6 3.Nc3 Bg7 4.Be3 Nf6 5.Qd2 Ng4 6.Bg5 f6 7.Bh4 e5 8.Nf3 O-O
9.h3 exd4 10.Qxd4 Nh6 11.O-O-O Be6 12.Bc4 Bf7 13.Rhe1 Nc6 14.Bxf7+ Nxf7 15.Qc4 Kh8
16.Nd5 g5 17.Bg3 Nfe5 18.Nxe5 fxe5 19.c3 a6 20.f3 Qd7 21.Bf2 b5 22.Qd3 Ne7
23.Be3 Nxd5 24.Qxd5 Bf6 25.Re2 Qf7 26.Rc2 Qxd5 27.Rxd5 Be7 28.c4 c6 29.Rdd2 c5
30.b4 Rfd8 31.bxc5 bxc4 32.cxd6 Bxd6 33.Rxc4 Ba3+ 34.Kd1 Rxd2+ 35.Bxd2 h6
36.Bc3 Re8 37.Rc6 a5 38.Bxa5 Bb2 39.Bc3 Bxc3 40.Rxc3 Kg7 41.Rc7+ Kg6 42.a4 Ra8
43.Rc4 h5 44.Kc2 g4 45.hxg4 hxg4 46.Kb3 Kg5 47.Kb4 Rb8+ 48.Kc3 g3 49.a5 Rb1
50.Ra4 Rc1+ 51.Kb3 Rb1+ 52.Kc4 Rb2 53.a6 Rxg2 54.a7 Rc2+ 55.Kd5 g2  1-0

[Event "BL2-O9899"]
[Site "Germany"]
[Date "1999.03.21"]
[Round "8.5"]
[White "Kirchner, Thomas"]
[Black "Timpel, Klaus"]
[Result "1-0"]
[WhiteElo "2265"]
[BlackElo "2300"]

1.e4 g6 2.d4 Bg7 3.Nc3 d6 4.f4 c6 5.Nf3 Bg4 6.Be3 Qb6 7.Qd2 Bxf3 8.gxf3 Nd7
9.O-O-O Qa5 10.Kb1 b5 11.Bd3 Rb8 12.f5 Nb6 13.fxg6 hxg6 14.f4 Nc4 15.Bxc4 bxc4
16.Ka1 Qb4 17.Rb1 Nf6 18.Rhg1 Bf8 19.Qg2 Qa5 20.Bd2 Rb6 21.a3 Qh5 22.e5 Nd7
23.d5 c5 24.e6 fxe6 25.dxe6 Nb8 26.Nd5 Qxh2 27.Qxg6+ Kd8 28.Ba5 Nc6 29.Bxb6+ axb6
30.Qe4 Nd4 31.Rh1 Nxc2+ 32.Ka2 Bg7 33.Rxh2 Rxh2 34.Qxc4  1-0

[Event "BL2-O9899"]
[Site "Germany"]
[Date "1999.03.21"]
[Round "8.3"]
[White "Eiber, Manfred"]
[Black "Schmidt, Jan Peter"]
[Result "0-1"]
[WhiteElo "2355"]
[BlackElo "2300"]

1.d4 g6 2.e4 Bg7 3.Nc3 d6 4.Bc4 Nf6 5.h3 O-O 6.Nf3 Nxe4 7.Nxe4 d5 8.Bd3 dxe4
9.Bxe4 c5 10.dxc5 Qa5+ 11.c3 Qxc5 12.O-O Nd7 13.Be3 Qh5 14.Nd4 Qxd1 15.Raxd1 Nf6
16.Bf3 e5 17.Nb5 e4 18.Be2 b6 19.Rd2 Ba6 20.Rfd1 Rfc8 21.Nxa7 Rxa7 22.Rd8+ Bf8
23.Bxb6 Raa8 24.Bxa6 Rxd8 25.Bxd8 Rxa6 26.a4 Ne8 27.a5 Nd6 28.b4 Ra8 29.Bf6 Ra6
30.Bd8 f5 31.Rd5 Ra8 32.Bc7 Nc4 33.Bb6 Nxb6 34.axb6 Rb8 35.Rb5 Kf7 36.c4 Ke6
37.c5 Kd5 38.Ra5 Kc6 39.Ra7 h5 40.Rc7+ Kb5 41.b7 Bh6 42.c6 Bf4 43.Rc8 Kxb4
44.Kf1 Kb5 45.Ke2 Kb6 46.f3 exf3+ 47.Kxf3 Bc7  0-1

[Event "Novgorod op"]
[Site "Novgorod"]
[Date "1999.03.21"]
[Round "3"]
[White "Kazakov, Vladimir"]
[Black "Chepukaitis, Genrikh"]
[Result "0-1"]
[WhiteElo "2046"]
[BlackElo "2415"]

1.e4 g6 2.d4 Bg7 3.Nc3 d6 4.f4 a6 5.a3 Nd7 6.Nf3 b5 7.Bd3 c5 8.dxc5 Nxc5
9.h3 Bb7 10.Qe2 Nf6 11.Bd2 Nh5 12.Qf2 Bxc3 13.bxc3 Bxe4 14.Qd4 Nf6 15.Bxe4 Ncxe4
16.Ng5 Ng3 17.Rg1 O-O 18.Qf2 Nfe4 19.Nxe4 Nxe4 20.Qd4 d5 21.g4 e6 22.O-O-O Rc8
23.f5 Rc4 24.Qe5 Re8 25.fxg6 hxg6 26.g5 Qd6 27.Qxd6 Nxd6 28.Rg3 Rec8 29.Kb2 Kf8
30.Rf3 Ke7 31.Rdf1 Nf5 32.Rf4 d4 33.R1f3 Kd6 34.Rd3 e5 35.Rf1 Kd5 36.Be1 e4
37.Rxf5+ gxf5 38.Rxd4+ Rxd4 39.cxd4 e3 40.c3 f4 41.Kc2 f3 42.Kd3 f2 43.Bxf2 Rxc3+  0-1

[Event "IND-ch"]
[Site "Nagpur"]
[Date "1999.03.23"]
[Round "1"]
[White "Thipsay, Praveen Mahadeo"]
[Black "Koshy, Varugeese"]
[Result "1-0"]
[WhiteElo "2467"]
[BlackElo "2368"]

1.e4 d6 2.d4 g6 3.Nc3 Bg7 4.f4 a6 5.Nf3 Nd7 6.e5 c5 7.Ng5 Nh6 8.e6 Nf6 9.exf7+ Nxf7
10.Nxf7 Kxf7 11.dxc5 dxc5 12.Bc4+ e6 13.Qf3 Ra7 14.a4 b6 15.Be3 Re7 16.Rd1 Qe8
17.O-O Bb7 18.Qh3 Qc6 19.f5 gxf5 20.Rxf5 Ke8 21.Re5 h5 22.Rxe6 Rxe6 23.Bxe6 Ng4
24.Bd5 Qc7 25.Re1 Kd8 26.Bg5+ Kc8 27.Re7 Bd4+ 28.Kf1 Rf8+ 29.Ke1 Bxc3+ 30.bxc3 Bxd5
31.Rxc7+ Kxc7 32.Qxh5 Be6 33.h3 Nf6 34.Bxf6  1-0

[Event "Novgorod op"]
[Site "Novgorod"]
[Date "1999.03.23"]
[Round "5"]
[White "Tetradze, Natalia"]
[Black "Loginov, Anton"]
[Result "0-1"]
[WhiteElo "2090"]
[BlackElo "2320"]

1.e4 g6 2.d4 Bg7 3.Nc3 d6 4.Bg5 h6 5.Be3 a6 6.h3 b5 7.a4 b4 8.Nd5 Bb7 9.f3 a5
10.Qd2 Nd7 11.Bc4 c6 12.Nf4 d5 13.exd5 Nb6 14.Bd3 cxd5 15.Bb5+ Kf8 16.Qe2 Nc4
17.Nd3 Ba6 18.Bxa6 Rxa6 19.Nc5 Rc6 20.c3 bxc3 21.b3 Nxe3 22.Qxe3 e5 23.dxe5 d4
24.O-O-O Rxc5 25.Rxd4 Qe7 26.f4 Rc8 27.Rd6 Nf6 28.Kc2 Ne8 29.Rd3 Qa3 30.Rxc3 Qa2+
31.Kd3 Rd8+ 32.Ke4 Qxg2+ 33.Qf3 f5+  0-1

[Event "IND-ch"]
[Site "Nagpur"]
[Date "1999.03.25"]
[Round "3"]
[White "Konguveel, Ponnuswamy"]
[Black "Mishra, Neeraj Kumar"]
[Result "1/2-1/2"]
[WhiteElo "2436"]
[BlackElo "2363"]

1.e4 d6 2.d4 g6 3.Nc3 Bg7 4.Be3 c6 5.Qd2 Nd7 6.Nf3 b5 7.d5 b4 8.dxc6 bxc3
9.cxd7+ Bxd7 10.bxc3 Qc7 11.Nd4 Nf6 12.f3 O-O 13.c4 a6 14.Bd3 Be8 15.Rb1 Nd7
16.Nb3 a5 17.O-O a4 18.Nd4 Ne5 19.Nb5 Qc8 20.Nc3 e6 21.Rb4 Nc6 22.Rb6 Na5
23.Rxd6 Nxc4 24.Bxc4 Qxc4 25.Bd4 Rc8 26.Bxg7 Kxg7 27.Rd3 Bc6 28.Rb1 Rb8 29.Rxb8 Rxb8
30.Qg5 f6 31.Qa5 Rb7 32.a3 Rd7 33.Rxd7+ Bxd7 34.Qb4 Qc7 35.Nxa4 Bxa4 36.Qxa4 Qc3
37.h3 Kh6 38.Qb3 Qe1+ 39.Kh2 e5 40.Qd3 Kg5 41.Qd7 h5 42.Qe6 h4 43.Qg4+ Kh6
44.c4 f5 45.exf5 gxf5 46.Qg8 e4 47.fxe4 fxe4 48.c5 e3 49.Qe6+  1/2-1/2

[Event "Novgorod op"]
[Site "Novgorod"]
[Date "1999.03.25"]
[Round "7"]
[White "Lastin, Alexander"]
[Black "Yandemirov, Valeri"]
[Result "1-0"]
[WhiteElo "2558"]
[BlackElo "2475"]

1.e4 g6 2.d4 Bg7 3.Nc3 d6 4.Nf3 Nf6 5.Be3 O-O 6.Qd2 c6 7.h4 b5 8.a3 Ng4 9.h5 Nxe3
10.Qxe3 Qa5 11.hxg6 hxg6 12.Qg5 e5 13.O-O-O Re8 14.dxe5 dxe5 15.Nh4 Be6 16.Nf5 Nd7
17.Nxg7 Kxg7 18.f4 exf4 19.Qh6+ Kf6 20.e5+ Kxe5 21.Qg5+ f5 22.Bc4 Bd5 23.Bxd5  1-0

[Event "Novgorod op"]
[Site "Novgorod"]
[Date "1999.03.25"]
[Round "7"]
[White "Tetradze, Natalia"]
[Black "Chepukaitis, Genrikh"]
[Result "0-1"]
[WhiteElo "2090"]
[BlackElo "2415"]

1.e4 g6 2.d4 Bg7 3.Nc3 d6 4.Be3 a6 5.Qd2 h6 6.h3 Nd7 7.Nf3 e6 8.Rd1 Ne7 9.Bd3 b6
10.d5 g5 11.dxe6 fxe6 12.Bc4 Nf8 13.Bd4 Bxd4 14.Qxd4 Neg6 15.e5 Bb7 16.exd6 Qxd6
17.Qxd6 cxd6 18.Rxd6 Bxf3 19.gxf3 b5 20.Bd3 Ke7 21.Rb6 Nd7 22.Rb7 Ne5 23.Be4 Kf6
24.h4 Nc5 25.hxg5+ hxg5 26.Rxh8 Rxh8 27.Rb6 Rc8 28.a4 bxa4 29.Rb4 Nxe4 30.Nxe4+ Kg6
31.Rxa4 Rxc2 32.Rxa6 Kf5 33.Ng3+ Kf4 34.Rxe6 Nxf3+ 35.Kf1 Rc1+  0-1

[Event "Bled op"]
[Site "Bled"]
[Date "1999.03.26"]
[Round "7"]
[White "Sermek, Drazen"]
[Black "Sale, Srdjan"]
[Result "1-0"]
[WhiteElo "2540"]
[BlackElo "2415"]

1.e4 g6 2.d4 Bg7 3.Nc3 d6 4.Bg5 Nc6 5.Nge2 Nf6 6.f4 O-O 7.Qd2 b5 8.d5 Na5
9.Nxb5 c6 10.dxc6 Nc4 11.Qc3 Be6 12.Bxf6 Bxf6 13.Ned4 Nxb2 14.Qxb2 Qa5+ 15.c3 Rab8
16.Qb4 Qb6 17.a4 a6 18.a5 Qd8 19.c7 Qd7 20.cxb8=Q Rxb8 21.Be2 axb5 22.O-O  1-0

[Event "Hessen-ch"]
[Site "Baunatal"]
[Date "1999.03.28"]
[Round "5"]
[White "Debus, Alfred"]
[Black "Alber, Horst"]
[Result "0-1"]
[WhiteElo "2220"]
[BlackElo "2325"]

1.e4 g6 2.d4 Bg7 3.Nc3 d6 4.Be3 a6 5.f4 b5 6.Bd3 Nf6 7.e5 Ng4 8.Qf3 Ra7 9.h3 Nxe3
10.Qxe3 c5 11.Nce2 cxd4 12.Nxd4 Qb6 13.Ngf3 Nc6 14.c3 dxe5 15.fxe5 Qc5 16.O-O Nxe5
17.Nxe5 Bxe5 18.Rae1 Bg7 19.b4 Qb6 20.a4 bxa4 21.Kh1 Bxd4 22.cxd4 O-O 23.d5 Qxe3
24.Rxe3 Rd8 25.Rc1 Rad7 26.Rc5 Rxd5 27.Rxd5 Rxd5 28.Rxe7 Rxd3 29.Re8+ Kg7
30.Rxc8 Rb3 31.Ra8 Rxb4 32.Rxa6 h5 33.Kg1 h4 34.Kf2 Rf4+ 35.Ke3 g5 36.Ke2 f6
37.Ke3 Kf7 38.Ke2 Ke7 39.Ke3 Kd7 40.Kd3 Kc7 41.Re6 Kd7 42.Ra6 Rf2 43.Ke4 Rxg2
44.Rxa4 Ke6 45.Ra6+ Kf7 46.Kf5 Rf2+  0-1

[Event "Hessen-ch"]
[Site "Baunatal"]
[Date "1999.03.28"]
[Round "5"]
[White "Roeberg, Frank"]
[Black "Ballo, Emanuel"]
[Result "1-0"]
[WhiteElo "2250"]
[BlackElo "2189"]

1.e4 d6 2.d4 g6 3.Nc3 Bg7 4.Nf3 a6 5.a4 b6 6.Bd3 Bb7 7.O-O e6 8.Qe2 h6 9.Be3 Ne7
10.Qd2 Nd7 11.Rad1 g5 12.h3 Ng6 13.Ne2 O-O 14.Ng3 Qe8 15.c3 f5 16.exf5 Bxf3
17.gxf3 Nh4 18.Be2 e5 19.Bxg5 hxg5 20.Qxg5 Qd8 21.Bc4+ Kh7 22.Qh5+ Bh6 23.Be6 Nb8
24.dxe5 Qg5 25.Qxg5 Bxg5 26.exd6 Nxf3+ 27.Kh1 Nd2 28.dxc7 Nxf1 29.Ne4 Bf4
30.c8=Q Rxc8 31.Bxc8 Nd2 32.Nxd2 Nc6 33.Bb7 Rd8 34.Bxc6 Rxd2 35.Rxd2 Bxd2
36.Kg2 Bc1 37.b3 Bd2 38.c4 Kg7 39.Kf3 Kf6 40.Ke4 a5 41.Bd7 Be1 42.f4 Bg3
43.Kf3 Be1 44.Kg4 Bd2 45.h4 Bb4 46.h5 Bf8 47.Bc6 Bg7 48.Be4 Bf8 49.Bc2 Kg7
50.Bd1 Kf6 51.Bc2 Kg7 52.Kf3 Bb4 53.Ke4 Bc3 54.Kd5 Kf6 55.Kc6 Bd4 56.Kb5 Bc5
57.b4 axb4 58.a5  1-0

[Event "Gelsenkirchen Masters op"]
[Site "Gelsenkirchen"]
[Date "1999.03.28"]
[Round "?"]
[White "Nisipeanu, Liviu Dieter"]
[Black "Seul, Georg"]
[Result "0-1"]
[WhiteElo "2594"]
[BlackElo "2443"]

1.e4 d6 2.d4 g6 3.Nc3 Bg7 4.f4 Nf6 5.Nf3 O-O 6.Be3 b6 7.Bc4 Bb7 8.e5 Ng4
9.Bg1 c5 10.dxc5 bxc5 11.Bd5 Nc6 12.Qe2 Rb8 13.O-O-O Qb6 14.Bb3 Na5 15.Kb1 Qb4
16.h3 Nh6 17.Be3 Nf5 18.Bd2 Ng3 19.Qe1 Nxb3 20.axb3 Bxf3 21.gxf3 Nxh1 22.exd6 exd6
23.Nd5 Qb7 24.Bc3 Bxc3 25.Qxc3 f5 26.Nf6+ Rxf6 27.Qxf6 Ng3 28.Rxd6 Nh5 29.Qe5 Qf7
30.Re6 Rf8 31.Re7 Qf6 32.Qxc5 Rf7 33.Qc8+ Kg7 34.Re6 Qd4 35.Re8 Nf6 36.Rd8 Qxf4
37.Qc6 Qc7 38.Qa8 Rd7 39.Rh8  0-1

[Event "Gelsenkirchen op"]
[Site "Gelsenkirchen"]
[Date "1999.03.28"]
[Round "?"]
[White "Liedtke, Matthias"]
[Black "Kalka, Arkadius Georg"]
[Result "0-1"]
[WhiteElo "2286"]
[BlackElo "2382"]

1.e4 g6 2.d4 Bg7 3.Nc3 d6 4.f4 c6 5.h3 d5 6.Nf3 dxe4 7.Nxe4 Nd7 8.Bc4 Ngf6
9.Ng3 O-O 10.O-O b5 11.Be2 a6 12.Ne5 Bb7 13.Bf3 Qc7 14.Be3 e6 15.Qe2 Rac8
16.a4 b4 17.c4 bxc3 18.bxc3 c5 19.Bxb7 Qxb7 20.Rab1 Qa8 21.a5 Rc7 22.Rfc1 Nd5
23.Ne4 cxd4 24.cxd4 Rxc1+ 25.Rxc1 N7f6 26.Nc5 Nh5 27.Qf2 Rd8 28.Bd2 Ne7 29.Bc3 Bh6
30.g3 Nf5 31.g4 Nxf4 32.Kh2 Nxd4 33.g5 Bxg5 34.Rg1 Nde2 35.Rxg5 Rd1 36.Be1 f6
37.Rg4 fxe5 38.Qh4 Qf3  0-1

[Event "Rheinhessen-ch MT1"]
[Site "Woerrstadt"]
[Date "1999.03.28"]
[Round "3"]
[White "Kubien, Jerzy"]
[Black "Mischke, Gabriel"]
[Result "1-0"]
[WhiteElo "2274"]
[BlackElo "2159"]

1.e4 g6 2.d4 Bg7 3.Nc3 d6 4.Nf3 Nd7 5.h3 c5 6.Be3 cxd4 7.Bxd4 Ngf6 8.Bc4 O-O
9.O-O Qc7 10.Qe2 a6 11.Bb3 e6 12.Rad1 Ne5 13.a4 Nh5 14.Nxe5 dxe5 15.Be3 b6
16.Qc4 Qb8 17.Qb4 b5 18.axb5 Nf4 19.Rfe1 axb5 20.Qxb5 Ba6 21.Qxb8 Raxb8 22.Rd6 Ra8
23.Ra1 Bb7 24.Rxa8 Rxa8 25.Rd7 Ba6 26.g3 Nh5 27.Ra7 Rxa7 28.Bxa7 Bh6 29.Bb8 Bc1
30.Na4 Kg7 31.Nc5 Bc8 32.Bxe5+ f6 33.Bc3 Nxg3 34.Bc4 Bf4 35.Kg2 Bd6 36.e5 fxe5
37.Kxg3 Bxc5 38.Bxe5+ Kf7 39.c3 Bb7 40.b4 Be7 41.h4 Bd5 42.Be2 Bb7 43.f4 Ke8
44.Bd3 Kd7 45.Kg4 Bg2 46.h5 Kc6 47.Bxg6 Bf1 48.h6  1-0

[Event "Czerniak mem 15th"]
[Site "Tel Aviv"]
[Date "1999.03.29"]
[Round "2"]
[White "Karolyi, Tibor Jr"]
[Black "Kanstler, Boris"]
[Result "1/2-1/2"]
[WhiteElo "2432"]
[BlackElo "2539"]

1.d4 d6 2.e4 g6 3.Nc3 Bg7 4.Be3 a6 5.f3 b5 6.Qd2 Bb7 7.g4 Nd7 8.h4 h6 9.Nce2 e6
10.Ng3 c5  1/2-1/2

[Event "Hessen-ch Seniors"]
[Site "Baunatal"]
[Date "1999.03.30"]
[Round "5"]
[White "Niebling, Ferdinand"]
[Black "Zunker, Reinhard"]
[Result "1/2-1/2"]
[WhiteElo "2222"]
[BlackElo "2214"]

1.e4 g6 2.d4 Bg7 3.Nc3 d6 4.f4 Nf6 5.Nf3 O-O 6.e5 Ne8 7.Be3 c6 8.Bd3 b5 9.O-O d5
10.Qe1 Nc7 11.Qh4 f5 12.Ng5 h6 13.Nf3 e6 14.g4 Qxh4 15.Nxh4 Kh7 16.Kh1 Rg8
17.Rg1 Bf8 18.Rg3 Be7 19.Nf3 Nba6 20.Be2 Bd7 21.Rag1 Nb4 22.Bd1 Rab8 23.Rh3 Kg7
24.Bf2 Rbf8 25.Nh4 Kh7 26.Nf3 Kg7 27.Bh4 Bxh4 28.Nxh4 Kh7  1/2-1/2

[Event "Hessen-ch"]
[Site "Baunatal"]
[Date "1999.03.30"]
[Round "7"]
[White "Roeberg, Frank"]
[Black "Alber, Horst"]
[Result "1/2-1/2"]
[WhiteElo "2250"]
[BlackElo "2325"]

1.e4 g6 2.d4 Bg7 3.Nc3 d6 4.Nf3 a6 5.Bc4 b5 6.Bb3 e6 7.Qe2 h6 8.e5 d5 9.h4 Ne7
10.Nd1 a5 11.c3 Ba6 12.Bf4 c5 13.Qd2 b4 14.Rc1 bxc3 15.Ba4+ Nd7 16.Nxc3 Kf8
17.Nb5 Nb6 18.b3 Nxa4 19.bxa4 c4 20.Rb1 Rb8 21.O-O Bxb5 22.axb5 Qb6 23.Qc3 Kg8
24.Bc1 Nc8 25.Ba3 Bf8  1/2-1/2

[Event "IND-ch"]
[Site "Nagpur"]
[Date "1999.03.30"]
[Round "8"]
[White "Neelotpal, Das"]
[Black "Koshy, Varugeese"]
[Result "1/2-1/2"]
[WhiteElo "2436"]
[BlackElo "2368"]

1.e4 d6 2.d4 g6 3.Nc3 Bg7 4.Nf3 c6 5.Be2 Nd7 6.O-O Qc7 7.a4 Ngf6 8.Bg5 O-O
9.Qd2 e5 10.Rad1 Re8 11.dxe5 dxe5 12.Qd6 Qxd6 13.Rxd6 Bf8 14.Rdd1 Kg7 15.Nd2 h6
16.Be3 Bc5 17.Nc4 Bxe3 18.Nxe3 Nc5 19.f3 Be6 20.b4 Ncd7 21.a5 Red8 22.Na4 Nf8
23.Bc4 N6d7 24.Rd6 b5 25.axb6 axb6 26.Nb2 Bxc4 27.Nbxc4 Rdc8 28.Rfd1 Rc7
29.b5  1/2-1/2

[Event "Rheinhessen-ch MT1"]
[Site "Woerrstadt"]
[Date "1999.03.30"]
[Round "5"]
[White "Kubien, Jerzy"]
[Black "Karst, Elmar"]
[Result "0-1"]
[WhiteElo "2274"]
[BlackElo "2233"]

1.e4 g6 2.d4 Bg7 3.Nc3 d6 4.Bg5 c6 5.Qd2 Nd7 6.f4 b5 7.Nf3 Nb6 8.Bd3 Bg4
9.Ne2 Bxf3 10.gxf3 Qd7 11.Bh4 d5 12.Bf2 e6 13.h4 f5 14.h5 dxe4 15.fxe4 Nf6
16.exf5 exf5 17.hxg6 hxg6 18.Rg1 Ng4 19.Rxg4 fxg4 20.Bxg6+ Kd8 21.O-O-O Kc7
22.Ng3 Raf8 23.Qa5 Kb8 24.f5 Nc4 25.Qe1 Ka8 26.b3 Nb6 27.Qe4 Rh2 28.Bg1 Rhh8
29.Qxg4 Qd6 30.Kb1 Nc4 31.c3 Nb6 32.Ne4 Qe7 33.Nc5 Nd5 34.Qf3 Rh6 35.Qg3 Rfh8
36.Re1 Qd8 37.Rc1 Rh3 38.Qe1 Bh6 39.Rc2 Rh1 40.Rh2 Nxc3+ 41.Kc2 Rxh2+ 42.Bxh2 Bg7
43.Be5 Bxe5 44.Qxe5 Nd5 45.Ne6 Qh4 46.Nc7+ Nxc7 47.Qxc7 Qf2+ 48.Kc3 Rh3+
49.Kb4 Qd2+ 50.Kc5 Qc3+ 51.Kd6 Qxd4+ 52.Ke6 Qd5+ 53.Kf6 Rh8 54.Bf7 Qd4+ 55.Kg6 Qg4+
56.Kf6 Qh4+ 57.Ke6 Qe4+ 58.Kf6 Qh4+ 59.Ke6 Qe4+ 60.Qe5 Rh6+ 61.f6 Qg4+ 62.Ke7 Qc8
63.Be8 Qb7+ 64.Ke6 Qc8+ 65.Kf7 Qb7+ 66.Kg8 Qh7+ 67.Kf8 Qh8+ 68.Ke7 Rh7+ 69.Kd6 Qf8+
70.Kxc6 Rb7 71.Kd5 Qg8+ 72.f7 Rxf7 73.Bc6+ Rb7+ 74.Kc5 Qg1+ 75.Kb4 a5+ 76.Kxa5 Qb6+
77.Kb4 Qxc6  0-1

[Event "BEL-chT9899"]
[Site "Antwerp"]
[Date "1999.03.??"]
[Round "9"]
[White "Bolzoni, Victor Angel"]
[Black "Carlier, Bruno"]
[Result "1/2-1/2"]
[WhiteElo "2250"]
[BlackElo "2415"]

1.e4 g6 2.d4 Bg7 3.Nc3 d6 4.Be2 Nf6 5.h3 O-O 6.Nf3 c6 7.a4 Nbd7 8.a5 e5 9.dxe5 dxe5
10.Bc4 Qe7 11.Qe2 Nc5 12.O-O Nh5 13.Rd1 Ne6 14.Be3 Nhf4 15.Qd2 Ng5 16.Nxg5 Qxg5
17.Bxf4 exf4 18.Qd3 Kh8 19.b4 Qf6 20.Ra3 f3 21.Qxf3 Qxf3 22.gxf3 Bxh3 23.Kh2 Be6
24.Bxe6 fxe6 25.Ne2 Be5+ 26.Kg2 Rf7 27.f4 Raf8 28.fxe5 Rxf2+ 29.Kg3 Rxe2
30.Rf3 Rxf3+ 31.Kxf3 Rxc2 32.Rd7 c5 33.b5 Ra2 34.a6 bxa6 35.Rxa7 Rb2 36.bxa6 Ra2
37.Kf4 h6 38.Ra8+ Kg7 39.Ra7+ Kg8 40.Ra8+ Kf7 41.Ra7+ Ke8 42.Rh7 Rxa6 43.Rxh6 Rc6
44.Rxg6 Kd7 45.Rg7+ Kc8 46.Ke3 c4 47.Kd2 Rc5 48.Kc3 Rxe5 49.Kd4  1/2-1/2

[Event "BEL-chT9899"]
[Site "Antwerp"]
[Date "1999.03.??"]
[Round "9"]
[White "Van Uytven, Eric"]
[Black "Kerkhof, Philippe"]
[Result "1/2-1/2"]
[WhiteElo "2120"]
[BlackElo "2240"]

1.e4 g6 2.d4 Bg7 3.Nc3 d6 4.Be3 Nf6 5.Qd2 c6 6.Bh6 Bxh6 7.Qxh6 e5 8.Nf3 Nbd7
9.Be2 Qe7 10.O-O Ng4  1/2-1/2

[Event "Foxwoods op"]
[Site "Mashantucket"]
[Date "1999.04.02"]
[Round "3"]
[White "Shabalov, Alexander"]
[Black "Zlotnikov, Mikhail"]
[Result "1-0"]
[WhiteElo "2620"]
[BlackElo "2361"]

1.e4 g6 2.d4 Bg7 3.Nc3 d6 4.Bg5 Nc6 5.Nge2 a6 6.Qd2 b5 7.f3 Bd7 8.g4 h5 9.gxh5 Rxh5
10.h4 Qc8 11.O-O-O Rh8 12.Kb1 Qb7 13.Be3 O-O-O 14.Rc1 Kb8 15.Bg2 Nf6 16.Nd1 d5
17.Nf2 e6 18.Nd3 Qb6 19.c3 Bc8 20.Bg5 Rdf8 21.Nef4 dxe4 22.fxe4 Nh7 23.e5 Nxg5
24.hxg5 Rd8 25.Rxh8 Rxh8 26.Qe3 Na5 27.Nc5 Nc4 28.Qf2 c6 29.Nfd3 Rf8  1-0

[Event "Dreifluesse op 7th"]
[Site "Passau"]
[Date "1999.04.02"]
[Round "1"]
[White "Renner, Christoph"]
[Black "Walch, Ingo"]
[Result "0-1"]
[WhiteElo "2437"]
[BlackElo "1930"]

1.e4 g6 2.d4 d6 3.Nc3 Bg7 4.Be3 c6 5.a4 a5 6.Bc4 Na6 7.Nf3 Nf6 8.e5 dxe5
9.dxe5 Qxd1+ 10.Rxd1 Ng4 11.Bb6 O-O 12.e6 Bxe6 13.Bxe6 fxe6 14.O-O Nb4 15.Rfe1 Nxc2
16.Rxe6 Rf4 17.Bc5 Bxc3 18.bxc3 Rxa4 19.Rxe7 Rc4 20.Bb6 Nf6 21.Ne5 Rxc3 22.Bxa5 Rc5
23.Bb6 Rb5 24.Bc7 Nd5 25.Rxd5  0-1

[Event "Dreifluesse op 7th"]
[Site "Passau"]
[Date "1999.04.02"]
[Round "1"]
[White "Maurer, Jochen"]
[Black "Polzin, Rainer"]
[Result "0-1"]
[WhiteElo "1936"]
[BlackElo "2443"]

1.e4 g6 2.d4 Bg7 3.Nc3 d6 4.Be3 a6 5.Bd3 Nd7 6.Nf3 c5 7.d5 b5 8.Qd2 Ngf6
9.Bh6 O-O 10.Bxg7 Kxg7 11.Qf4 Qc7 12.O-O Bb7 13.Rfe1 Rae8 14.Rad1 e6 15.dxe6 Rxe6
16.Ng5 Re7 17.Nd5 Bxd5 18.exd5 Nxd5 19.Qh4 N7f6 20.c4 Nb4 21.Bf1 Rxe1 22.Rxe1 bxc4
23.Re6 h6 24.Rxf6 hxg5 25.Qxg5 Qd8 26.Rf5 Qxg5 27.Rxg5 d5 28.a3 f6 29.Rg3 Nc2
30.f4 Nd4 31.Kf2 Rb8  0-1

[Event "Dreifluesse op 7th"]
[Site "Passau"]
[Date "1999.04.02"]
[Round "2"]
[White "Heumann, Joern"]
[Black "Luetzen, Patrick"]
[Result "1-0"]
[WhiteElo "2048"]
[BlackElo "1636"]

1.e4 g6 2.d4 Bg7 3.Nc3 d6 4.Bc4 Nf6 5.Nf3 O-O 6.Qe2 c6 7.h3 d5 8.exd5 cxd5
9.Bb3 b6 10.Bg5 Ba6 11.Qe3 e6 12.O-O-O Nc6 13.Qf4 Na5 14.Qh4 Nxb3+ 15.axb3 b5
16.Ne5 h6 17.Bxh6 Qc7 18.Ng4 Nh5 19.Bxg7 Kxg7 20.Ne5 Nf6 21.Nd3 Nd7 22.b4 Rfc8
23.Nc5 Nxc5 24.dxc5 Bb7 25.Nxb5 Qc6 26.Nd6 Rc7 27.Qd4+ Kg8 28.Rd3 Rd8 29.b5  1-0

[Event "Budapest FS04 ELO"]
[Site "Budapest"]
[Date "1999.04.03"]
[Round "1"]
[White "Dembo, Yelena"]
[Black "Bergre, Joachim"]
[Result "1/2-1/2"]
[WhiteElo "2180"]
[BlackElo "2120"]

1.e4 d6 2.d4 g6 3.Nc3 Bg7 4.f4 Nf6 5.Nf3 O-O 6.Bd3 Nc6 7.O-O Bg4 8.Ne2 Nb4
9.h3 Bxf3 10.Rxf3 c5 11.d5 c4 12.Bxc4 Nxe4 13.c3 b5 14.Bb3 Na6 15.Be3 Nac5
16.Bc2 Nf6 17.Qd2 a6 18.Re1 Rc8 19.Ng3 Ncd7 20.Ne4 Nxe4  1/2-1/2

[Event "Neckar op 3rd"]
[Site "Deizisau"]
[Date "1999.04.03"]
[Round "5"]
[White "Namyslo, Holger"]
[Black "Haub, Thorsten Michael"]
[Result "1-0"]
[WhiteElo "2229"]
[BlackElo "2388"]

1.e4 g6 2.d4 Bg7 3.Nc3 d6 4.f4 Nf6 5.Nf3 O-O 6.Bd3 Nc6 7.O-O Bg4 8.e5 dxe5
9.dxe5 Nd5 10.h3 Bxf3 11.Qxf3 Ncb4 12.Nxd5 Nxd5 13.c4 Nb4 14.Be4 c6 15.Be3 f5
16.exf6 Rxf6 17.Rad1 Qe8 18.Bd4 Rxf4 19.Qxf4 Bxd4+ 20.Kh1 Bf6 21.a3 Na6 22.b4 Qb8
23.Qg4 Qc8 24.Bf5 Qb8 25.Bxg6 hxg6 26.Qxg6+ Bg7 27.Qf7+ Kh8 28.Rf5  1-0